[Event "TCh-HUN 2024-25"]
[Site "Hungary HUN"]
[Date "2025.05.09"]
[Round "7.5"]
[White "Hujbert, Florian"]
[Black "Bagi, Mate"]
[Result "1-0"]
[WhiteTitle "IM"]
[BlackTitle "IM"]
[WhiteElo "2423"]
[BlackElo "2425"]
[WhiteTeam "Duocor-Makoi SVSE"]
[BlackTeam "Viadukt Biatorbagy"]
[WhiteFideId "730165"]
[BlackFideId "742570"]
[EventDate "2024.11.02"]

1. g3 Nf6 2. Bg2 g6 3. b3 Bg7 4. Bb2 c5 5. c4 d6 6. f4 Nc6 7. Nc3 O-O 8. Nh3 e6
9. Bxc6 bxc6 10. Nf2 Nd7 11. e3 e5 12. Qf3 Qc7 13. h4 f5 14. h5 e4 15. Qg2 Nf6
16. hxg6 hxg6 17. g4 fxg4 18. Nfxe4 Nxe4 19. Qxe4 Bf5 20. Qg2 Rae8 21. O-O-O Bd3
22. Qxg4 d5 23. Qh3 g5 24. Rdg1 Bf5 25. Qh5 g4 26. Rxg4 Bxg4 27. Qh7+ Kf7 28.
Nxd5 1-0

[Event "TCh-HUN 2024-25"]
[Site "Hungary HUN"]
[Date "2025.05.09"]
[Round "7.6"]
[White "Toth, Ervin"]
[Black "Horvath, Zsolt"]
[Result "0-1"]
[WhiteTitle "IM"]
[BlackTitle "FM"]
[WhiteElo "2409"]
[BlackElo "2378"]
[WhiteTeam "Viadukt Biatorbagy"]
[BlackTeam "Duocor-Makoi SVSE"]
[WhiteFideId "726559"]
[BlackFideId "723070"]
[EventDate "2024.11.02"]

1. d4 Nf6 2. c4 d6 3. Nf3 Bf5 4. Nc3 g6 5. g3 Ne4 6. Nxe4 Bxe4 7. Bg2 Bg7 8. O-O
O-O 9. Be3 Nd7 10. Qd2 Nf6 11. Bh6 a5 12. a3 a4 13. Rfd1 c6 14. Rac1 Qa5 15.
Qxa5 Rxa5 16. Bxg7 Kxg7 17. Nd2 Bxg2 18. Kxg2 c5 19. Nb1 Rc8 20. Nc3 cxd4 21.
Rxd4 Nd7 22. Nd5 Kf8 23. Rc3 e6 24. Ne3 Ke7 25. g4 h5 26. h3 Rac5 27. Kg3 hxg4
28. hxg4 g5 29. b4 axb3 30. Rxb3 R5c7 31. Rb5 Nc5 32. Kg2 Ra8 33. Nc2 Ra4 34.
Rb6 Rc6 35. Rb5 Rc8 36. Rb6 Rc6 37. Rb5 e5 38. Rd1 Rxc4 39. Ne3 Re4 40. Rh1 Ra6
41. Nd5+ Kf8 42. Kf3 Rd4 0-1

[Event "TCh-HUN 2024-25"]
[Site "Hungary HUN"]
[Date "2025.05.09"]
[Round "7.7"]
[White "Szalai, Kornel"]
[Black "Torma, Robert"]
[Result "0-1"]
[WhiteTitle "IM"]
[BlackTitle "IM"]
[WhiteElo "2370"]
[BlackElo "2419"]
[WhiteTeam "Duocor-Makoi SVSE"]
[BlackTeam "Viadukt Biatorbagy"]
[WhiteFideId "724378"]
[BlackFideId "719030"]
[EventDate "2024.11.02"]

1. Nf3 d5 2. c4 d4 3. g3 Nc6 4. a3 e5 5. d3 a5 6. Bg2 Nf6 7. O-O Bd6 8. e3 O-O
9. h3 Nd7 10. exd4 exd4 11. Nbd2 Nc5 12. Ne4 Nxe4 13. dxe4 Be6 14. Nxd4 Bxc4 15.
Nxc6 bxc6 16. Re1 Be5 17. Qh5 Qf6 18. f4 Bd4+ 19. Kh2 Rab8 20. Qxa5 Bf2 21. e5
Qg6 22. g4 Qd3 23. Qd2 Qg3+ 24. Kh1 Bxe1 0-1

[Event "TCh-HUN 2024-25"]
[Site "Hungary HUN"]
[Date "2025.05.09"]
[Round "7.8"]
[White "Szeberenyi, Adam"]
[Black "Tatar Kis, Szabolcs"]
[Result "1-0"]
[WhiteTitle "IM"]
[BlackTitle "IM"]
[WhiteElo "2259"]
[BlackElo "2324"]
[WhiteTeam "Viadukt Biatorbagy"]
[BlackTeam "Duocor-Makoi SVSE"]
[WhiteFideId "710466"]
[BlackFideId "702595"]
[EventDate "2024.11.02"]

1. d4 Nf6 2. c4 g6 3. Nc3 Bg7 4. e4 d6 5. Be2 O-O 6. Nf3 e5 7. O-O h6 8. Kh1 Qe7
9. d5 Na6 10. Qc2 Nh5 11. g3 Kh7 12. a3 Bh3 13. Re1 Rae8 14. b4 Bd7 15. Nh4 Nf4
16. Bf1 Nh3 17. Ra2 Ng5 18. Bg2 Qd8 19. Be3 c5 20. dxc6 bxc6 21. Qd3 Be6 22. Rd2
Qa8 23. f4 exf4 24. gxf4 Nh3 25. f5 Qd8 26. Nf3 Bxc3 27. Qxc3 gxf5 28. Bxh3 fxe4
29. Rxd6 Qxd6 30. Qf6 1-0

[Event "TCh-HUN 2024-25"]
[Site "Hungary HUN"]
[Date "2025.05.09"]
[Round "7.9"]
[White "Mihok-Juhasz, Barbara"]
[Black "Szikszai, Bertalan"]
[Result "0-1"]
[WhiteTitle "WIM"]
[BlackTitle "FM"]
[WhiteElo "2176"]
[BlackElo "2283"]
[WhiteTeam "Duocor-Makoi SVSE"]
[BlackTeam "Viadukt Biatorbagy"]
[WhiteFideId "743585"]
[BlackFideId "797073"]
[EventDate "2024.11.02"]

1. e4 c5 2. Nf3 Nc6 3. Bb5 Nf6 4. Bxc6 dxc6 5. d3 Qc7 6. Nbd2 e5 7. b3 Be7 8.
Nc4 Nd7 9. a4 a5 10. O-O O-O 11. Bb2 f6 12. Nh4 Rf7 13. Nf5 Nf8 14. h4 Ne6 15.
h5 Bf8 16. Qg4 Kh8 17. Qh4 Nf4 18. Nce3 Ne2+ 19. Kh1 Nd4 20. g4 Kg8 21. f4 exf4
22. Bxd4 cxd4 23. Nc4 c5 24. Kg2 Ra6 25. Rf3 g6 26. hxg6 hxg6 27. Nh6+ Bxh6 28.
Qxh6 Bxg4 29. Rxf4 Bh5 30. Rf2 Re6 31. Raf1 b6 32. e5 f5 33. Qg5 Qe7 34. Rxf5
Rxf5 35. Rxf5 Qxg5+ 36. Rxg5 Kg7 37. Kf1 Bd1 38. Rg2 Kh6 39. Rh2+ Kg5 40. Ke1
Bf3 41. Kd2 Bd5 42. c3 Bxc4 43. bxc4 dxc3+ 44. Kxc3 Rxe5 45. Rb2 Re6 46. d4
cxd4+ 47. Kxd4 Kf6 48. Rf2+ Ke7 49. Kd5 Rd6+ 50. Ke5 Rc6 51. Kd5 Rc5+ 52. Kd4
Ke6 53. Rb2 Rc6 54. Rb5 Kf6 55. Kd5 Re6 56. c5 Re5+ 57. Kd4 bxc5+ 58. Kc4 Re4+
59. Kxc5 Rxa4 0-1

[Event "TCh-HUN 2024-25"]
[Site "Hungary HUN"]
[Date "2025.05.09"]
[Round "7.10"]
[White "Erdos, Boglarka"]
[Black "Meszaros-Csonka, David"]
[Result "1/2-1/2"]
[WhiteTitle "WFM"]
[WhiteElo "2115"]
[BlackElo "1936"]
[WhiteTeam "Viadukt Biatorbagy"]
[BlackTeam "Duocor-Makoi SVSE"]
[WhiteFideId "727458"]
[BlackFideId "17012775"]
[EventDate "2024.11.02"]

1. e4 c5 2. Nf3 a6 3. g3 Nc6 4. Bg2 Nf6 5. Qe2 d6 6. c3 g6 7. O-O Bg7 8. h3 O-O
9. d3 e5 10. Nh2 d5 11. exd5 Nxd5 12. Nd2 f5 13. Nb3 Qd6 14. Re1 Be6 15. Nf3
Rae8 16. Ng5 Bd7 17. Bd2 h6 18. Nf3 Be6 19. Rad1 Bf7 20. Bc1 g5 21. Nfd2 b5 22.
Nf1 Nc7 23. Be3 Ne6 24. Qf3 Ne7 25. Bc1 Rd8 26. Na5 Qb6 27. Nc6 Nxc6 28. Qxc6
Qxc6 29. Bxc6 Rd6 30. Bf3 Rfd8 31. Be2 Bg6 32. Nd2 Nc7 33. Nb3 Ne6 34. Be3 Rc8
35. Na5 f4 36. Bc1 Rc7 37. Kg2 Bf5 38. Nb3 Rcd7 39. Bg4 Bxg4 40. hxg4 Rxd3 41.
Rxd3 Rxd3 42. gxf4 gxf4 43. Nd2 Ng5 44. Nb3 c4 45. Nc5 Rd6 46. b3 Kf7 47. bxc4
bxc4 48. a4 a5 49. Ba3 Rd2 50. Nb7 f3+ 51. Kg3 e4 52. Nd6+ Ke6 53. Nxc4 Re2 54.
Rd1 e3 55. Rd6+ Kf7 56. Rd7+ Kg8 57. Nxe3 Be5+ 58. Kh4 Ne6 59. Nf5 Rxf2 60.
Nxh6+ Kh8 61. Kh5 Rh2+ 62. Kg6 Nf4+ 63. Kg5 Ne6+ 64. Kg6 Nf4+ 65. Kg5 Ne6+ 1/2-1/2

[Event "TCh-HUN 2024-25"]
[Site "Hungary HUN"]
[Date "2025.05.09"]
[Round "7.1"]
[White "Harikrishna, Pentala"]
[Black "Eljanov, Pavel"]
[Result "1/2-1/2"]
[WhiteTitle "GM"]
[BlackTitle "GM"]
[WhiteElo "2695"]
[BlackElo "2672"]
[WhiteTeam "ASE Paks"]
[BlackTeam "Tuxera ANSK"]
[WhiteFideId "5007003"]
[BlackFideId "14102951"]
[EventDate "2024.11.02"]

1. d4 d5 2. c4 e6 3. Nf3 Nf6 4. Nc3 Be7 5. Bf4 O-O 6. e3 Nbd7 7. c5 c6 8. Be2 b6
9. b4 a5 10. a3 Ba6 11. O-O Qc8 12. Na4 Qb7 13. Ne5 Nxe5 14. Bxe5 Nd7 15. Bg3
Ra7 16. cxb6 Bxe2 17. Qxe2 Nxb6 18. Nxb6 Qxb6 19. bxa5 Rxa5 20. a4 Rfa8 21. Rab1
Qd8 22. Rfc1 Qe8 23. Rb6 c5 24. dxc5 Bxc5 25. Rb7 Rxa4 26. h3 Qf8 27. Kh2 h6 28.
Qh5 Rb4 29. Rd7 Ra7 30. Rxa7 Bxa7 31. Qe2 Bb8 32. f4 Bd6 33. Rc6 Rb8 34. e4 dxe4
35. Qxe4 Rd8 36. Bf2 Bb8 37. g3 Qa3 38. Kg2 Ba7 39. Rc2 Bxf2 40. Kxf2 g6 41. Qe5
Qa8 42. Qc7 Qd5 43. Qc4 Qh1 44. Qf1 Qe4 45. Qe2 Qf5 46. Kg2 g5 47. Rc4 Qd5+ 48.
Kh2 Qd2 49. Rc2 Qxe2+ 50. Rxe2 Kg7 51. Kg2 Kg6 52. fxg5 hxg5 53. g4 Rd4 54. Re3
Kf6 55. Ra3 Ke5 56. Kf3 Rf4+ 57. Kg3 Rc4 58. Ra5+ Kf6 59. Ra3 Kg6 60. Re3 Kg7
61. Ra3 Re4 62. Kf3 Rd4 63. Re3 Kf6 64. Ra3 Ke5 65. Ra5+ Rd5 66. Ra3 Rc5 67. Ke3
Rc1 68. Ra5+ Kf6 69. Kf3 Rc3+ 70. Kg2 Rd3 71. Ra6 Ke5 72. Ra7 f5 73. gxf5 exf5
74. Ra4 Rd2+ 75. Kf3 Rd3+ 76. Kg2 Rd4 77. Ra1 Rd2+ 78. Kf3 Rd3+ 79. Kg2 Ke4 80.
Ra4+ Ke3 81. Ra5 Rd2+ 82. Kg1 Ke4 83. Ra4+ Kf3 84. Ra3+ Kf4 85. Kf1 Rh2 86. Rb3
Rd2 87. Ra3 Rc2 88. Rb3 Ra2 89. Rc3 Ke4 90. Rg3 Ra1+ 91. Kf2 Ra2+ 92. Kf1 f4 93.
Rxg5 Ke3 94. Re5+ Kf3 95. Kg1 Ra1+ 96. Kh2 Kf2 97. h4 f3 98. Rb5 Ra2 99. Rb1
Ke3+ 100. Kg1 Ke2 101. h5 Ra5 1/2-1/2

[Event "TCh-HUN 2024-25"]
[Site "Hungary HUN"]
[Date "2025.05.09"]
[Round "7.2"]
[White "Gledura, Benjamin"]
[Black "Kozak, Adam"]
[Result "1/2-1/2"]
[WhiteTitle "GM"]
[BlackTitle "GM"]
[WhiteElo "2652"]
[BlackElo "2591"]
[WhiteTeam "Tuxera ANSK"]
[BlackTeam "ASE Paks"]
[WhiteFideId "712779"]
[BlackFideId "753246"]
[EventDate "2024.11.02"]

1. Nf3 Nf6 2. g3 d5 3. Bg2 e6 4. O-O c5 5. d4 cxd4 6. Nxd4 e5 7. Nf3 Nc6 8. c4
d4 9. e3 Be7 10. exd4 exd4 11. Bf4 O-O 12. Ne5 Be6 13. Bxc6 bxc6 14. Nxc6 Qd7
15. Nxe7+ Qxe7 16. Re1 Rfe8 17. Nd2 Qd7 18. Qb3 Nh5 19. Qf3 Bg4 20. Qd5 Nxf4 21.
gxf4 Qxd5 22. cxd5 Red8 23. f3 Bh3 24. Nb3 Rxd5 25. Rad1 Be6 26. Rxd4 Rb5 27.
Re5 Rb6 28. Re3 g6 29. Kf2 Rab8 30. Ra4 Bxb3 31. axb3 Rxb3 32. Rxb3 Rxb3 33.
Rxa7 Rxb2+ 34. Kg3 1/2-1/2

[Event "TCh-HUN 2024-25"]
[Site "Hungary HUN"]
[Date "2025.05.09"]
[Round "7.3"]
[White "Papp, Gabor1"]
[Black "Grigoriants, Sergey"]
[Result "0-1"]
[WhiteTitle "GM"]
[BlackTitle "GM"]
[WhiteElo "2511"]
[BlackElo "2531"]
[WhiteTeam "ASE Paks"]
[BlackTeam "Tuxera ANSK"]
[WhiteFideId "718602"]
[BlackFideId "4130804"]
[EventDate "2024.11.02"]

1. e4 e5 2. Nf3 Nc6 3. Bc4 Bc5 4. O-O Nf6 5. d3 d6 6. c3 a5 7. Bg5 h6 8. Bh4 Ba7
9. Nbd2 g5 10. Bg3 O-O 11. a3 Nh7 12. Kh1 Kg7 13. d4 h5 14. h4 g4 15. Ne1 f5 16.
exf5 exd4 17. Nd3 Rxf5 18. f3 gxf3 19. Rxf3 Nf6 20. Rxf5 Bxf5 21. Qf3 Bg4 22.
Qf4 Nh7 23. Rf1 Qe7 24. Qf7+ Kh8 25. Qxe7 Nxe7 26. Rf7 Nf5 27. Kh2 Rf8 28. Rxc7
Nxg3 29. Rxb7 dxc3 30. bxc3 Be3 0-1

[Event "TCh-HUN 2024-25"]
[Site "Hungary HUN"]
[Date "2025.05.09"]
[Round "7.4"]
[White "Yuffa, Daniil"]
[Black "Berkes, Ferenc"]
[Result "1-0"]
[WhiteTitle "GM"]
[BlackTitle "GM"]
[WhiteElo "2631"]
[BlackElo "2600"]
[WhiteTeam "Tuxera ANSK"]
[BlackTeam "ASE Paks"]
[WhiteFideId "24131423"]
[BlackFideId "718572"]
[EventDate "2024.11.02"]

1. d4 e6 2. c4 d5 3. Nf3 a6 4. Bg5 Be7 5. Bxe7 Qxe7 6. Nbd2 Nf6 7. g3 b6 8. cxd5
exd5 9. Rc1 c5 10. dxc5 bxc5 11. Bg2 O-O 12. O-O Bf5 13. Nh4 Bg4 14. Re1 Nbd7
15. h3 Be6 16. e4 dxe4 17. Nxe4 Nxe4 18. Bxe4 Rab8 19. b3 Qf6 20. Ng2 Rb4 21.
Nf4 Rd4 22. Qe2 a5 23. Bg2 h6 24. Nxe6 fxe6 25. Rc3 a4 26. Rf3 Qe7 27. Re3 e5
28. bxa4 Rxa4 29. Qc2 Rd4 30. a4 c4 31. a5 Qb4 32. Qc3 Qxc3 33. Rxc3 Rd2 34. a6
Nb6 35. Rb1 Rfxf2 36. Bf1 Rb2 37. Ra1 Kh7 38. a7 e4 39. a8=Q Nxa8 40. Rxa8 Rf3
41. Rxf3 exf3 42. Ra3 1-0

[Event "TCh-HUN 2024-25"]
[Site "Hungary HUN"]
[Date "2025.05.09"]
[Round "7.5"]
[White "Acs, Peter"]
[Black "Kantor, Gergely"]
[Result "1/2-1/2"]
[WhiteTitle "GM"]
[BlackTitle "GM"]
[WhiteElo "2585"]
[BlackElo "2554"]
[WhiteTeam "ASE Paks"]
[BlackTeam "Tuxera ANSK"]
[WhiteFideId "708020"]
[BlackFideId "751499"]
[EventDate "2024.11.02"]

1. e4 e5 2. Nf3 Nc6 3. Bb5 a6 4. Ba4 Nf6 5. O-O Be7 6. Bxc6 dxc6 7. d3 Bd6 8.
Nbd2 Be6 9. b3 Nd7 10. Nc4 Bxc4 11. bxc4 Qe7 12. a4 a5 13. Bg5 f6 14. Bd2 Nc5
15. Nh4 g6 16. g3 Qd7 17. Bc3 Rf8 18. Ng2 b6 19. f4 O-O-O 20. f5 gxf5 21. exf5
Rg8 22. Bd2 Nb7 23. Qf3 Bc5+ 24. Kh1 Rge8 25. Rad1 Bf8 26. Bc3 Bc5 27. Bb2 Kb8
28. Bc1 Bb4 29. Bb2 Bd6 30. d4 exd4 31. Bxd4 Qe7 32. Qxc6 Be5 33. Bxe5 Qxe5 34.
Rde1 Qc5 35. Qxf6 Rxe1 36. Rxe1 Rf8 37. Qe5 Rxf5 38. Qh8+ Rf8 39. Qxh7 Qxc4 40.
h4 1/2-1/2

[Event "TCh-HUN 2024-25"]
[Site "Hungary HUN"]
[Date "2025.05.09"]
[Round "7.6"]
[White "Antal, Gergely"]
[Black "Fodor, Tamas Jr."]
[Result "1/2-1/2"]
[WhiteTitle "GM"]
[BlackTitle "GM"]
[WhiteElo "2543"]
[BlackElo "2518"]
[WhiteTeam "Tuxera ANSK"]
[BlackTeam "ASE Paks"]
[WhiteFideId "717312"]
[BlackFideId "723762"]
[EventDate "2024.11.02"]

1. e4 e5 2. Nf3 Nc6 3. Nc3 Nf6 4. Nd5 d6 5. d4 Bg4 6. c3 exd4 7. Qb3 Nxd5 8.
exd5 Bxf3 9. gxf3 Ne5 10. cxd4 Nd7 11. Rg1 g6 12. Qxb7 Bg7 13. Bg5 Qb8 14. Qc6
h6 15. Be3 Qxb2 16. Rd1 Rd8 17. Bh3 Qb6 18. Bxd7+ Rxd7 19. Ke2 Qb2+ 20. Kf1 Qb8
21. Kg2 Qc8 22. Rb1 O-O 23. Rb7 Re7 24. Rxa7 Qf5 25. Rxc7 Rxc7 26. Qxc7 Qxd5 27.
Rc1 Bxd4 28. Rd1 Qc5 29. Qxc5 dxc5 30. Bxd4 Rd8 31. a4 cxd4 32. a5 d3 33. Kf1
Rd5 34. a6 Ra5 35. Rxd3 1/2-1/2

[Event "TCh-HUN 2024-25"]
[Site "Hungary HUN"]
[Date "2025.05.09"]
[Round "7.7"]
[White "Kaczur, Florian"]
[Black "Markus, Robert"]
[Result "1/2-1/2"]
[WhiteTitle "IM"]
[BlackTitle "GM"]
[WhiteElo "2509"]
[BlackElo "2592"]
[WhiteTeam "ASE Paks"]
[BlackTeam "Tuxera ANSK"]
[WhiteFideId "705098"]
[BlackFideId "921637"]
[EventDate "2024.11.02"]

1. e4 e5 2. Nf3 Nf6 3. Nxe5 d6 4. Nd3 Nxe4 5. Qe2 Qe7 6. Nf4 Nf6 7. d4 Qxe2+ 8.
Bxe2 Be7 9. O-O O-O 10. Re1 Re8 11. Bf3 Nc6 12. c3 Bg4 13. Bxg4 Nxg4 14. Bd2 Nf6
15. Na3 a6 16. Nc2 Bf8 17. f3 Ne7 18. Kf1 Ned5 19. Nxd5 Nxd5 20. c4 Nb6 21. b3
c6 22. a4 f5 23. Rxe8 Rxe8 24. Re1 Rxe1+ 25. Kxe1 Kf7 26. Ke2 g6 27. Bb4 Be7 28.
g3 d5 29. Bxe7 Kxe7 30. c5 Nd7 31. Ne1 1/2-1/2

[Event "TCh-HUN 2024-25"]
[Site "Hungary HUN"]
[Date "2025.05.09"]
[Round "7.8"]
[White "Horvath, Dominik"]
[Black "Krstulovic, Alex"]
[Result "1/2-1/2"]
[WhiteTitle "GM"]
[BlackTitle "IM"]
[WhiteElo "2541"]
[BlackElo "2439"]
[WhiteTeam "Tuxera ANSK"]
[BlackTeam "ASE Paks"]
[WhiteFideId "1642561"]
[BlackFideId "760056"]
[EventDate "2024.11.02"]

1. e4 e6 2. d4 d5 3. Nd2 c5 4. exd5 Qxd5 5. Ngf3 cxd4 6. Bc4 Qd6 7. O-O Nf6 8.
Re1 Be7 9. Ne4 Qc7 10. Qxd4 Nc6 11. Nxf6+ Bxf6 12. Qe4 Nd4 13. Bd3 Nxf3+ 14.
Qxf3 O-O 15. Bf4 Qb6 16. Rab1 Bd7 17. b4 a6 18. c4 Bc6 19. Qg3 Rfc8 20. h4 Qd8
21. h5 b5 22. Rbd1 Qe8 23. c5 a5 24. h6 g6 25. Be5 Bxe5 26. Qxe5 Qf8 27. a4 axb4
28. axb5 Bxb5 29. Bxb5 Rxc5 30. Qe2 Qxh6 31. g3 1/2-1/2

[Event "TCh-HUN 2024-25"]
[Site "Hungary HUN"]
[Date "2025.05.09"]
[Round "7.4"]
[White "Bodrogi, Bendeguz"]
[Black "Palczert, Matyas"]
[Result "1/2-1/2"]
[WhiteTitle "FM"]
[BlackTitle "FM"]
[WhiteElo "2358"]
[BlackElo "2359"]
[WhiteTeam "ASE Paks"]
[BlackTeam "Tuxera ANSK"]
[WhiteFideId "790303"]
[BlackFideId "784958"]
[EventDate "2024.11.02"]

1. Nf3 d5 2. g3 Nc6 3. d4 Bf5 4. Bg2 Nb4 5. Na3 e6 6. Nh4 Bg4 7. c3 Nc6 8. Qb3
Rb8 9. e4 dxe4 10. Bxe4 Be7 11. Nc4 Bxh4 12. gxh4 Nge7 13. Rg1 Bf5 14. Bf3 O-O
15. h5 b5 16. Ne5 Nxe5 17. dxe5 c5 18. Bg5 Qc7 19. Be2 Kh8 20. h6 g6 21. Rg3 Nd5
22. f4 f6 23. exf6 Nxf4 24. Rd1 Nd5 25. Rxd5 exd5 26. Qxd5 Rbe8 27. Re3 Qxh2 28.
f7 Qg1+ 29. Kd2 Qxg5 30. fxe8=Q Rxe8 31. Qxc5 Rd8+ 32. Ke1 Qh4+ 33. Kf1 Qh1+ 34.
Kf2 Qh2+ 35. Ke1 Qh4+ 36. Kf1 Qh1+ 37. Kf2 Qh2+ 38. Ke1 1/2-1/2

[Event "TCh-HUN 2024-25"]
[Site "Hungary HUN"]
[Date "2025.05.09"]
[Round "7.10"]
[White "Gara, Anita"]
[Black "Papp, Petra"]
[Result "1/2-1/2"]
[WhiteTitle "IM"]
[BlackTitle "WGM"]
[WhiteElo "2343"]
[BlackElo "2239"]
[WhiteTeam "Tuxera ANSK"]
[BlackTeam "ASE Paks"]
[WhiteFideId "709751"]
[BlackFideId "739049"]
[EventDate "2024.11.02"]

1. e4 c5 2. Nf3 d6 3. Bb5+ Nd7 4. d4 Nf6 5. Nc3 cxd4 6. Qxd4 e5 7. Qd3 h6 8. a4
a6 9. Bc4 Nc5 10. Qe2 Be6 11. a5 Be7 12. O-O O-O 13. Rd1 Qc7 14. b3 Ncd7 15. Nd2
b5 16. axb6 Nxb6 17. Bb2 Nxc4 18. Nxc4 Bxc4 19. Qxc4 Qxc4 20. bxc4 Rfc8 21. Ra4
Rc6 22. Nd5 Kf8 23. f3 Rac8 24. Ne3 Nd7 25. Ba3 Nb6 26. Rxa6 Nxc4 27. Rxc6 Rxc6
28. Nxc4 Rxc4 29. Bxd6 Bxd6 30. Rxd6 Rxc2 31. h4 Ke7 32. Rd5 Ke6 33. Ra5 h5 34.
Ra6+ Ke7 35. Ra7+ Ke6 36. Ra6+ Ke7 1/2-1/2

[Event "TCh-HUN 2024-25"]
[Site "Hungary HUN"]
[Date "2025.05.09"]
[Round "7.1"]
[White "Erdos, Viktor"]
[Black "Ruck, Robert"]
[Result "1/2-1/2"]
[WhiteTitle "GM"]
[BlackTitle "GM"]
[WhiteElo "2533"]
[BlackElo "2516"]
[WhiteTeam "MTK Budapest"]
[BlackTeam "Haladas VSE"]
[WhiteFideId "719978"]
[BlackFideId "705713"]
[EventDate "2024.11.02"]

1. d4 Nf6 2. Nf3 e6 3. Bf4 d5 4. e3 c5 5. Be2 Qb6 6. c4 Qxb2 7. Nbd2 Be7 8. O-O
O-O 9. dxc5 Nbd7 10. c6 bxc6 11. Nd4 Bb4 12. N2f3 c5 13. Nb5 a6 14. Rb1 Qxa2 15.
Nc7 Ne4 16. Ra1 Qb2 17. Rb1 Qa2 18. Ra1 Qb2 19. Rb1 Qa2 20. Ra1 Qb2 21. Rb1 Qa2 1/2-1/2

[Event "TCh-HUN 2024-25"]
[Site "Hungary HUN"]
[Date "2025.05.09"]
[Round "7.2"]
[White "Nemeth, Miklos1"]
[Black "Sahidi, Samir"]
[Result "1/2-1/2"]
[WhiteTitle "IM"]
[BlackTitle "IM"]
[WhiteElo "2422"]
[BlackElo "2485"]
[WhiteTeam "Haladas VSE"]
[BlackTeam "MTK Budapest"]
[WhiteFideId "720232"]
[BlackFideId "14936372"]
[EventDate "2024.11.02"]

1. e4 e5 2. Nf3 Nc6 3. Bc4 Bc5 4. O-O Nf6 5. d3 d6 6. c3 a6 7. Bb3 h6 8. Re1 Qe7
9. Be3 Bxe3 10. Rxe3 g5 11. d4 Bd7 12. d5 Na5 13. Nbd2 Nxb3 14. Qxb3 b6 15. Qc4
Ra7 16. a4 O-O 17. a5 b5 18. Qb4 Nh5 19. c4 Nf4 20. b3 c5 21. dxc6 Bxc6 22. Rd1
Rb7 23. Qc3 bxc4 24. Nxc4 Bb5 25. g3 Ne6 26. Nb6 Nc7 27. h4 Rd8 28. Qd2 Qf6 29.
hxg5 hxg5 30. Nh2 Kg7 31. Ng4 Qe6 32. f3 f6 33. Rc3 Ne8 34. Qh2 f5 35. exf5 Qxf5
36. Qh6+ Kg8 37. Nd5 Rf7 38. Qh2 Kg7 39. Qh6+ Kg8 40. Qh5 Kg7 41. Nh6 Qg6 42.
Qxg6+ Kxg6 43. Nxf7 Kxf7 44. f4 gxf4 45. gxf4 Rd7 46. Rh3 exf4 47. Rd4 Ke6 48.
Rh5 Rg7+ 49. Kf2 Kd7 50. Rxf4 Nc7 51. Rf6 Ne8 52. Rfh6 Rf7+ 53. Ke1 Ng7 54. Nf6+
Rxf6 55. Rxb5 Rxh6 56. Rb7+ Kc6 57. Rxg7 Rh5 58. b4 Kb5 59. Rb7+ Kc4 60. Rb6 d5
61. Rxa6 Kxb4 62. Rc6 Kxa5 63. Kd2 Kb5 64. Rc8 Rh3 65. Rc7 Rg3 1/2-1/2

[Event "TCh-HUN 2024-25"]
[Site "Hungary HUN"]
[Date "2025.05.09"]
[Round "7.3"]
[White "Juhasz, Agoston"]
[Black "Kovacs, Gabor2"]
[Result "1/2-1/2"]
[WhiteTitle "IM"]
[BlackTitle "IM"]
[WhiteElo "2432"]
[BlackElo "2400"]
[WhiteTeam "MTK Budapest"]
[BlackTeam "Haladas VSE"]
[WhiteFideId "778346"]
[BlackFideId "716219"]
[EventDate "2024.11.02"]

1. e4 e5 2. Nf3 Nf6 3. d4 Nxe4 4. Bd3 d5 5. Nxe5 Nd7 6. O-O Bd6 7. Nd2 Nxd2 8.
Bxd2 O-O 9. Re1 Qh4 10. c3 Nf6 11. Qf3 Be6 12. Qg3 Qxg3 13. hxg3 Rfe8 14. f3 Nd7
15. Bf4 Nxe5 16. Bxe5 Bxe5 17. Rxe5 c6 18. Kf2 Bd7 19. Rh1 h6 20. Rhe1 Kf8 21.
Rxe8+ Rxe8 22. Rxe8+ Kxe8 23. b4 b6 24. Ke3 Ke7 25. a3 Kd6 26. Kf4 g5+ 27. Ke3
f6 28. Bc2 Bc8 29. Bd3 Bd7 30. Bc2 Bc8 31. Bd3 1/2-1/2

[Event "TCh-HUN 2024-25"]
[Site "Hungary HUN"]
[Date "2025.05.09"]
[Round "7.4"]
[White "Borhy, Marcell"]
[Black "Neverov, Valeriy"]
[Result "0-1"]
[WhiteTitle "IM"]
[BlackTitle "GM"]
[WhiteElo "2356"]
[BlackElo "2401"]
[WhiteTeam "Haladas VSE"]
[BlackTeam "MTK Budapest"]
[WhiteFideId "770787"]
[BlackFideId "14100150"]
[EventDate "2024.11.02"]

1. Nf3 Nf6 2. c4 e6 3. g3 d5 4. d4 Bb4+ 5. Bd2 Be7 6. Bg2 O-O 7. O-O c6 8. Qc2
a5 9. Bg5 Nbd7 10. Nbd2 h6 11. Bxf6 Nxf6 12. e4 dxe4 13. Nxe4 b6 14. Ne5 Bb7 15.
Rad1 Qc7 16. Nxf6+ Bxf6 17. Qe4 Rad8 18. Nxc6 Bxc6 19. Qxc6 Qxc6 20. Bxc6 Bxd4
21. b3 Rd6 22. Bf3 Rfd8 23. a4 Kf8 24. Kg2 Ke7 25. Rd3 f5 26. g4 Rf8 27. h3 e5
28. Re1 Kd8 29. Rd2 Kc7 30. gxf5 Rxf5 31. Be4 Rf4 32. f3 g5 33. Rd3 h5 34. Bd5
Rdf6 35. Re4 Kd6 36. Rxf4 gxf4 37. Kh2 Kc5 38. Rd1 Kb4 39. Rb1 h4 40. Be4 Rd6
41. Kh1 Bc5 42. Bd5 Ka3 43. b4 Bxb4 44. Ra1+ Kb2 45. Ra2+ Kxa2 0-1

[Event "TCh-HUN 2024-25"]
[Site "Hungary HUN"]
[Date "2025.05.09"]
[Round "7.5"]
[White "Pribelszky, Bence"]
[Black "Meszaros, Tamas"]
[Result "1-0"]
[WhiteTitle "IM"]
[BlackTitle "IM"]
[WhiteElo "2395"]
[BlackElo "2376"]
[WhiteTeam "MTK Budapest"]
[BlackTeam "Haladas VSE"]
[WhiteFideId "769738"]
[BlackFideId "717410"]
[EventDate "2024.11.02"]

1. e4 e5 2. Nf3 Nc6 3. Bc4 Nf6 4. d3 h6 5. O-O d6 6. a4 g5 7. Nc3 Bg7 8. Re1 g4
9. Nd2 h5 10. Nb3 Be6 11. Bg5 Ne7 12. a5 Qd7 13. Ra4 Nh7 14. Bxe7 Qxe7 15. a6 b6
16. Bd5 Bxd5 17. exd5 O-O 18. Nd4 Qd7 19. Nc6 f5 20. f4 Rfe8 21. Ne2 Nf8 22. Rf1
Ng6 23. Rc4 b5 24. Rb4 Ne7 25. Rxb5 Nxd5 26. Rxd5 Qxc6 27. c4 Qb6+ 28. Kh1 Qxb2
29. Rb5 Qa2 30. Ng3 Qxa6 31. Nxf5 c6 32. Rb1 Rad8 33. h3 e4 34. hxg4 e3 35. Qe2
Qc8 36. Rbe1 d5 37. Nxg7 Kxg7 38. f5 Kf6 39. gxh5 dxc4 40. Qb2+ Kf7 41. h6 Rg8
42. Rxe3 Rxd3 43. Rfe1 Rxe3 44. Rxe3 Qb8 45. Qd4 Qd8 46. Qxa7+ Kf6 47. Re6+ Kg5
48. Qe3+ Kh5 49. Qf3+ Kg5 50. h7 1-0